00836cam a2200253 a 450000100100000000500170001000800410002701500140006802000150008203500190009704000230011604300120013905000190015108200150017010000220018524501700020726000510037730000250042850400410045365000390049461000320053308200080056535000090057300001244320200929163026.0700108s1970 enk b 001 0 eng d aB70-12178 a0802016790 a(DLC) 75527604 aDO-SdBNPcDLCdDLC ae-uk---00aLA631.82b.M26 annnbM296t1 aManzer, Ronald A.10aTeachers and politics :bthe role of the National Union of Teachers in the making of national educational policy in England and Wales since 1944 /cRonald A. Manzer. aToronto :bUniversity of Toronto Press,c1970. axi, 164 p. ;c23 cm. aIncludes bibliographical references. 0aEducationzGreat BritainxHistory.20aNational Union of Teachers.00a379 a40/-